Match the Olympian to their Sport - Statistics

General Stats
  • This quiz has been taken 26 times
  • The average score is 67 of 81
Answer Stats
Question Tile Select % Correct
Gymnast No
95%
Gymnast No
95%
Gymnast No
95%
Gymnast No
95%
Gymnast No
95%
Surfer No
95%
Surfer No
95%
Surfer No
95%
Surfer No
95%
Surfer No
95%
Surfer No
95%
Gymnast No
91%
Gymnast No
91%
Distance Runner No
91%
Distance Runner No
91%
Distance Runner No
91%
Distance Runner No
91%
Swimmer No
91%
Swimmer No
91%
Swimmer No
91%
Swimmer No
91%
Archer No
91%
Archer No
91%
Archer No
91%
Surfer No
91%
Gymnast Yes
86%
Gymnast No
86%
Distance Runner No
86%
Distance Runner No
86%
Distance Runner No
86%
Distance Runner No
86%
Badminton Player No
86%
Badminton Player No
86%
Badminton Player No
86%
Swimmer No
86%
Archer No
86%
Archer No
86%
Archer No
86%
Surfer Yes
86%
Surfer No
86%
Beach Volleyball Player No
86%
Beach Volleyball Player No
86%
Judo Fighter No
86%
Judo Fighter No
86%
Judo Fighter No
86%
Judo Fighter No
86%
Judo Fighter No
86%
Golfer No
86%
Golfer No
86%
Golfer No
86%
Golfer No
86%
Golfer No
86%
Distance Runner Yes
82%
Badminton Player No
82%
Badminton Player No
82%
Beach Volleyball Player No
82%
Beach Volleyball Player No
82%
Beach Volleyball Player No
82%
Beach Volleyball Player No
82%
Beach Volleyball Player No
82%
Judo Fighter No
82%
Golfer No
82%
Golfer No
82%
Badminton Player No
77%
Archer No
77%
Beach Volleyball Player No
77%
Golfer No
77%
Badminton Player No
73%
Swimmer No
73%
Judo Fighter No
73%
Judo Fighter No
73%
Swimmer No
68%
Archer No
68%
Golfer Yes
68%
Swimmer No
59%
Judo Fighter Yes
59%
Badminton Player No
55%
Beach Volleyball Player Yes
55%
Archer Yes
45%
Badminton Player Yes
27%
Swimmer Yes
18%
No matching quizzes found
Score Distribution
Percent of People with Each Score
Percentile by Number Answered
Your Score History
You have not taken this quiz